Oh, the pets you can get! : (Record no. 110191)
[ view plain ]
| 000 -LEADER | |
|---|---|
| fixed length control field | 00580nam a2200181 a 4500 |
| 005 - DATE AND TIME OF LATEST TRANSACTION | |
| control field | 20140414131851.0 |
| 008 - FIXED-LENGTH DATA ELEMENTS--GENERAL INFORMATION | |
| fixed length control field | 100729s19uu xx 00 eng d |
| 020 ## - INTERNATIONAL STANDARD BOOK NUMBER | |
| International Standard Book Number | 2003027157 |
| 050 ## - LIBRARY OF CONGRESS CALL NUMBER | |
| Classification number | M 636.088 |
| Item number | R11 2005 |
| 100 ## - MAIN ENTRY--PERSONAL NAME | |
| Personal name | Rabe, Tish |
| 245 ## - TITLE STATEMENT | |
| Title | Oh, the pets you can get! : |
| Remainder of title | all about our animal friends / |
| Statement of responsibility, etc | by Tish Rabe ; illustrated by Aristides Ruiz and Joe Mathieu. |
| 250 ## - EDITION STATEMENT | |
| Edition statement | 1st ed. |
| 260 ## - PUBLICATION, DISTRIBUTION, ETC. (IMPRINT) | |
| Place of publication, distribution, etc | New York : |
| Name of publisher, distributor, etc | Random House, |
| Date of publication, distribution, etc | 2005. |
| 440 ## - SERIES STATEMENT/ADDED ENTRY--TITLE | |
| Title | The Cat in the Hat's learning library |
| 650 ## - SUBJECT ADDED ENTRY--TOPICAL TERM | |
| Topical term or geographic name as entry element | Pets |
| General subdivision | juvenile literature |
| 650 ## - SUBJECT ADDED ENTRY--TOPICAL TERM | |
| Topical term or geographic name as entry element | Pets |
| Withdrawn status | Lost status | Damaged status | Home library | Current library | Shelving location | Date acquired | Total Checkouts | Full call number | Barcode | Date last seen | Price effective from | Koha item type |
|---|---|---|---|---|---|---|---|---|---|---|---|---|
| Munich Library | Munich Library | Main Section | 07/29/2010 | M 636.088 R11 2005 | M0524 | 04/14/2014 | 04/14/2014 | Books |